| 000 | 01206nam a2200325 c 4500 | ||
|---|---|---|---|
| 001 | 14981 | ||
| 003 | ES-MaCES | ||
| 005 | 20141221122338.0 | ||
| 008 | 030527m 2003sp s o000 | spa d | ||
| 035 | _aCES20030005937m | ||
| 040 |
_aES-MaCES _bspa _cES-MaCES |
||
| 245 | 0 | 0 |
_aIndicadores de prestación farmacéutica _c[Dirección General de Farmacia y Productos Sanitarios] |
| 260 |
_a[Madrid _bLa Dirección?] _c2003 |
||
| 300 |
_a2 h. _c30 cm |
||
| 500 | _aTít. redactado por el centro catalogador | ||
| 500 | _aDoc. extraído de una página web | ||
| 650 | 4 |
_aprestaciones farmacéuticas _931050 |
|
| 650 | 4 |
_aasistencia médica _930272 |
|
| 650 | 4 |
_adistribución del gasto _930938 |
|
| 650 | 4 |
_aEspaña _926964 |
|
| 650 | 4 |
_aComunidades Autónomas _930768 |
|
| 650 | 4 |
_a2003 _931178 |
|
| 650 | 4 |
_adatos estadísticos _930765 |
|
| 653 | 1 | 0 | _aEstadísticas económico-sociales |
| 710 | 1 |
_aEspaña _bDirección General de Farmacia y Productos Sanitarios _92794 |
|
| 787 | 0 |
_tIndicadores de la prestación farmacéutica en el Instituto Nacional de la Salud _w(ES-MaCES)14644 |
|
| 902 | _aDOC Literatura gris | ||
| 942 |
_2CES _cBK _h8.2. |
||
| 999 |
_c14981 _d14981 |
||